| Tag |
First Indicator |
Second Indicator |
Subfields |
| LEADER |
00000cam a2200000Ia 4500 |
| 001 |
in00003430821 |
| 006 |
m o d |
| 007 |
cr cn||||||||| |
| 008 |
990726s1999 caua ob 001 0 eng d |
| 005 |
20250816210213.3 |
| 020 |
|
|
|z 9780126045857
|
| 020 |
|
|
|z 0126045852
|
| 035 |
|
|
|a (CaPaEBR)ebr10191639
|
| 035 |
|
|
|a (OCoLC)176630149
|
| 040 |
|
|
|a CaPaEBR
|c CaPaEBR
|d UtOrBLW
|
| 050 |
1 |
4 |
|a TP155
|b .A75 1999eb
|
| 082 |
0 |
4 |
|a 511.8
|2 21
|
| 100 |
1 |
|
|a Aris, Rutherford.
|
| 245 |
1 |
0 |
|a Mathematical modeling :
|b a chemical engineer's perspective /
|c Rutherford Aris.
|
| 264 |
|
1 |
|a San Diego ;
|a London :
|b Academic,
|c [1999]
|
| 264 |
|
4 |
|c ©1999
|
| 300 |
|
|
|a 1 online resource (xxi, 479 pages) :
|b illustrations
|
| 336 |
|
|
|a text
|b txt
|2 rdacontent
|
| 337 |
|
|
|a computer
|b c
|2 rdamedia
|
| 338 |
|
|
|a online resource
|b cr
|2 rdacarrier
|
| 490 |
1 |
|
|a Process systems engineering ;
|v v. 1
|
| 504 |
|
|
|a Includes bibliographical references and index.
|
| 500 |
|
|
|a Electronic resource.
|
| 650 |
|
0 |
|a Chemical engineering
|x Mathematical models.
|
| 650 |
|
0 |
|a Mathematical models.
|
| 655 |
|
7 |
|a Electronic books.
|2 local
|
| 710 |
2 |
|
|a ebrary, Inc.
|
| 830 |
|
0 |
|a Process systems engineering ;
|v v. 1.
|
| 856 |
4 |
1 |
|u https://ebookcentral.proquest.com/lib/tamucs/detail.action?docID=313923
|y Connect to the full text of this electronic book
|t 0
|
| 999 |
f |
f |
|s 5f7b205e-c996-3bc2-ab4e-3bab971819e5
|i 0d164d22-7d58-3420-bf3b-a64755a1a0c8
|t 0
|
| 999 |
|
|
|a MARS
|
| 952 |
f |
f |
|a Texas A&M University
|b College Station
|c Electronic Resources
|d Available Online
|t 0
|e TP155 .A75 1999eb
|h Library of Congress classification
|
| 998 |
f |
f |
|a TP155 .A75 1999eb
|t 0
|l Available Online
|